000 00672nam a22002297a 4500
003 LK-CoMWRAF
005 20240212112637.0
008 231013b |||||||| |||| 00| 0 eng d
020 _a8172310374
040 _aLK-CoMWRAF
_dLK-CoMWRAF
_eLK-CoMWRAF
041 _aeng
082 _a492.732
_bELI
100 _aElias, Elias A
245 _aThe school dictionary:
_bArabic-English
260 _aNew Delhi:
_bIslamic book service,
300 _aPaged with Arabic numeral characters
650 _aDICTIONARY, ARABIC
650 _aArabic language--Dictionaries--English.
650 _aEnglish language--Dictionaries--Arabic.
700 _aElias, Ed. E.
942 _cBK
999 _c3843
_d3843